| 000 | 01425nam a2200277Ia 4500 | ||
|---|---|---|---|
| 999 |
_c49621 _d49621 |
||
| 001 | 16553 | ||
| 003 | GE_BSU | ||
| 005 | 20241227122119.0 | ||
| 008 | 181216s2014||||ge |||||||||||||| ||geo|| | ||
| 040 | _cGE_BSU | ||
| 041 | _ageo | ||
| 080 | _a657(075.8) ბ-97 | ||
| 245 |
_aბუღალტრული აღრიცხვა : _bბუღალტრული აღრიცხვის საფუძვლები, ფინანსური აღრიცხვა / _cა. ხორავა, ნ. კვაშიტაძე, ნ. სრესელი, ზ. გოგრიჭიანი ; რედ. რევაზ ძაძამია. |
||
| 264 |
_aთბილისი : _bმერიდიანი, _c2014. |
||
| 300 |
_a600 გვ. ; _c29 სმ. |
||
| 500 | _aდანართი : გვ. 588-599 | ||
| 541 | _h35ლ. | ||
| 653 | _aბუღალტრული აღრიცხვა | ||
| 653 | _aბუღალტრული აღრიცხვის საფუძვლები | ||
| 653 | _aფინანსური აღრიცხვა | ||
| 700 |
_aხორავა, ა. _eავტორი _914157 |
||
| 700 |
_aკვატაშიძე, ნ. _eავტორი _914156 |
||
| 700 |
_aსრესელი, ნ. _eავტორი _920462 |
||
| 700 |
_aძაძამია, რევაზ _eრედაქტორი _9885 |
||
| 942 |
_cBK _2udc |
||